|
|
|
|
| LEADER |
01747nam a2200421 i 4500 |
| 001 |
EBC1394810 |
| 003 |
MiAaPQ |
| 005 |
20200520144314.0 |
| 006 |
m o d | |
| 007 |
cr cnu|||||||| |
| 008 |
150911t20132013gw a o 000 0 ger d |
| 020 |
|
|
|z 9783486717150
|
| 020 |
|
|
|a 9783486755732 (e-book)
|
| 035 |
|
|
|a (MiAaPQ)EBC1394810
|
| 035 |
|
|
|a (Au-PeEL)EBL1394810
|
| 035 |
|
|
|a (CaPaEBR)ebr10829662
|
| 035 |
|
|
|a (OCoLC)865330139
|
| 040 |
|
|
|a MiAaPQ
|b eng
|e rda
|e pn
|c MiAaPQ
|d MiAaPQ
|
| 050 |
|
4 |
|a D16.117
|b .H577 2013
|
| 082 |
0 |
|
|a 025.069
|2 23
|
| 245 |
0 |
0 |
|a Historyblogosphere :
|b Bloggen in den Geschichtswissenschaften /
|c herausgegeben von Peter Haber und Eva Pfanzelter ; unter mitarbeit von Julia Schreiner.
|
| 264 |
|
1 |
|a Munich, [Germany] :
|b Oldenbourg Verlag,
|c 2013.
|
| 264 |
|
4 |
|c 2013
|
| 300 |
|
|
|a 1 online resource (201 pages) :
|b illustrations
|
| 336 |
|
|
|a text
|2 rdacontent
|
| 337 |
|
|
|a computer
|2 rdamedia
|
| 338 |
|
|
|a online resource
|2 rdacarrier
|
| 588 |
|
|
|a Description based on print version record.
|
| 590 |
|
|
|a Electronic reproduction. Ann Arbor, MI : ProQuest, 2015. Available via World Wide Web. Access may be limited to ProQuest affiliated libraries.
|
| 650 |
|
0 |
|a Historiography
|x Computer network resources.
|
| 650 |
|
0 |
|a Blogs.
|
| 655 |
|
4 |
|a Electronic books.
|
| 700 |
1 |
|
|a Haber, Peter,
|e editor.
|
| 700 |
1 |
|
|a Pfanzelter, Eva,
|e editor.
|
| 700 |
1 |
|
|a Schreiner, Julia,
|e contributor.
|
| 776 |
0 |
8 |
|i Print version:
|t Historyblogosphere : Bloggen in den Geschichtswissenschaften.
|d Munich, [Germany] : Oldenbourg Verlag, c2013
|h 201 pages
|z 9783486717150
|w 2013482137
|
| 797 |
2 |
|
|a ProQuest (Firm)
|
| 856 |
4 |
0 |
|u https://ebookcentral.proquest.com/lib/matrademy/detail.action?docID=1394810
|z Click to View
|